| 000 | 00522nam a2200181 a 4500 | ||
|---|---|---|---|
| 005 | 20140310183439.0 | ||
| 008 | 080403s19uu xx 00 eng d | ||
| 020 | _a0572029349 | ||
| 050 |
_aQ 141 _b.B174 2004 |
||
| 100 | _aBalchin, Jon | ||
| 245 |
_aScience : _b100 scientists who changed the world / |
||
| 260 |
_aLondon : _bArcturus Publishing Limited, _c2003. |
||
| 300 |
_a208 p. : _bill. ; _c27 cm. |
||
| 650 |
_aScientist _xbiographies. |
||
| 650 |
_aDictionary _xScientist. |
||
| 942 |
_cBK _2lcc |
||
| 999 |
_c23037 _d23037 |
||